Practical troubleshooting of electrical equipment and control circuits /

Bibliographic Details
Main Author: Brown, Mark
Corporate Author: NetLibrary, Inc
Other Authors: Patil, Dinesh, Rawtani, Jawahar
Format: eBook
Language:English
Published: Amsterdam ; Boston : Elsevier : Newnes, 2005.
Series:Practical professional books from Elsevier.
Subjects:
Online Access:Connect to the full text of this electronic book

MARC

Tag First Indicator Second Indicator Subfields
LEADER 00000cam a2200000Ia 4500
001 in00002118513
005 20190326103612.0
006 m d
007 cr cnu---unuuu
008 050114s2005 ne a fs 001 0 eng d
020 |a 1417569131 (electronic bk.) 
035 |a (OCoLC)ocm57427069 
040 |a N$T  |c N$T  |d OCLCQ  |d UtOrBLW 
049 |a IICN 
050 1 4 |a TK3226.  |b B76 2005eb 
082 0 4 |a 621.3'192  |2 22 
100 1 |a Brown, Mark. 
245 1 0 |a Practical troubleshooting of electrical equipment and control circuits /  |c Mark Brown, Jawahar Rawtani, Dinesh Patil. 
264 1 |a Amsterdam ;  |a Boston :  |b Elsevier :  |b Newnes,  |c 2005. 
300 |a 1 volume :  |b illustrations ;  |c 26 cm. 
336 |a text  |b txt  |2 rdacontent 
337 |a computer  |b c  |2 rdamedia 
338 |a online resource  |b cr  |2 rdacarrier 
490 1 |a Practical professional books from Elsevier 
500 |a Includes index. 
533 |a Electronic reproduction.  |b Boulder, Colo. :  |c NetLibrary,  |d 2005.  |n Available via World Wide Web.  |n Access may be limited to NetLibrary affiliated libraries.  |n Series statement does not appear on ebook. 
500 |a Electronic resource. 
650 0 |a Electric fault location. 
650 0 |a Electric machinery  |x Maintenance and repair. 
650 0 |a Electrical engineering  |x Materials  |x Testing. 
655 7 |a Electronic books.  |2 local 
700 1 |a Patil, Dinesh. 
700 1 |a Rawtani, Jawahar. 
710 2 |a NetLibrary, Inc. 
776 1 |c Original  |z 0750662786  |w (OCoLC)56640167 
830 0 |a Practical professional books from Elsevier. 
856 4 0 |u http://proxy.library.tamu.edu/login?url=http://www.netLibrary.com/urlapi.asp?action=summary&v=1&bookid=123431  |z Connect to the full text of this electronic book  |t 0 
994 |a 92  |b IIC 
999 |a MARS 
999 f f |s 02f0c5b6-8c32-3bfe-ab1a-70790dd9b5a1  |i 6b867956-e402-3195-942a-227a34c492ee  |t 0 
952 f f |a Texas A&M University  |b College Station  |c Electronic Resources  |d Available Online  |t 0  |e TK3226. B76 2005eb  |h Library of Congress classification 
998 f f |a TK3226. B76 2005eb  |t 0  |l Available Online